THE CONCISE HANDBOOK OF HUMAN ANATOMY (Record no. 7966)
[ view plain ]
| 000 -LEADER | |
|---|---|
| fixed length control field | 00318nam a2200133Ia 4500 |
| 082 ## - DEWEY DECIMAL CLASSIFICATION NUMBER | |
| Classification number | 611 |
| Item number | C 12 M |
| 100 ## - MAIN ENTRY--PERSONAL NAME | |
| Personal name | MEMINN, R.M.H. |
| 245 ## - TITLE STATEMENT | |
| Title | THE CONCISE HANDBOOK OF HUMAN ANATOMY |
| 250 ## - EDITION STATEMENT | |
| Edition statement | 4 TH |
| 260 ## - PUBLICATION, DISTRIBUTION, ETC. (IMPRINT) | |
| Name of publisher, distributor, etc | MANSON PUB. |
| Year of Publication | 2012 |
| 300 ## - PAGE DESCRIPTION | |
| No. of Pages | 192 |
| 942 ## - ADDED ENTRY ELEMENTS (KOHA) | |
| Source of classification or shelving scheme | Dewey Decimal Classification |
| Koha item type | Books |
| Withdrawn status | Lost status | Source of classification or shelving scheme | Damaged status | Not for loan | Collection code | Home library | Current library | Date acquired | Vendor Name | Cost, normal purchase price | SGTU | Bill Number | Total Checkouts | Full call number | Accession No. (Barcode) | Date last seen | Bill Date | Koha item type | Date last borrowed |
|---|---|---|---|---|---|---|---|---|---|---|---|---|---|---|---|---|---|---|---|
| Dewey Decimal Classification | AYURVEDA | SGT FA-FP Library | SGT FA-FP Library | 14/09/2015 | ABC DELHI | 695.00 | SGTU | 5567 | 611 C 12 M | FA2349 | 14/09/2015 | 31/03/2015 | Books | ||||||
| Dewey Decimal Classification | AYURVEDA | SGT FA-FP Library | SGT FA-FP Library | 14/09/2015 | ABC DELHI | 695.00 | SGTU | 5567 | 1 | 611 C 12 M | FA2350 | 16/10/2020 | 31/03/2015 | Books | 10/10/2020 |